Dôvodová správa k novele zákona o správe daní a poplatkov

Dôvodová správa k novele zákona o správe daní a poplatkov. Všeobecná časť. Súčasný stav. Návrh zákona. Hospodársky a finančný dosah právnej úpravy. Osobitná časť - komentár jednotlivých paragrafov. Doložka zlučiteľnosti návrhu zákona s právom Európskej únie.

Guardado en:
Detalles Bibliográficos
Formato: Capítulo de libro
Lenguaje:eslovaco
Materias:
Etiquetas: Agregar Etiqueta
Sin Etiquetas, Sea el primero en etiquetar este registro!

MARC

LEADER 00000naa a2200000 4500
001 r043773
005 20230927065513.1
041 0 |a slo 
044 |a SK 
245 1 0 |a Dôvodová správa k novele zákona o správe daní a poplatkov 
520 |a Dôvodová správa k novele zákona o správe daní a poplatkov. Všeobecná časť. Súčasný stav. Návrh zákona. Hospodársky a finančný dosah právnej úpravy. Osobitná časť - komentár jednotlivých paragrafov. Doložka zlučiteľnosti návrhu zákona s právom Európskej únie. 
610 2 0 |a správa daňová 
610 2 0 |a poplatky 
610 2 0 |a dane 
610 2 0 |a priznania majetkové 
610 2 0 |a zákony 
610 2 0 |a novelizácia 
610 2 0 |a Slovensko 
610 2 0 |a 2001